| 000 | 00643nam a2200217 a 4500 | ||
|---|---|---|---|
| 999 |
_c2861 _d2861 |
||
| 001 | 2861 | ||
| 003 | BD-JhCC | ||
| 005 | 20171108093839.0 | ||
| 008 | 171107s1985 bg |||| ||a| 00| 0 ben d | ||
| 035 | _a(BD-JhCC)2861 | ||
| 040 |
_aBD-JhCC _dBD-JhCC |
||
| 041 | _aben | ||
| 082 |
_a500 _bALM 2007 |
||
| 100 | _aআল-মুতী, আবদুল্লাহ | ||
| 245 |
_aবিচিত্র বিজ্ঞান / _cআবদুল্লাহ আল-মুতী |
||
| 260 |
_aঢাকা : _bআহমদ পাবলিশিং, _c2007. |
||
| 300 |
_a128 p. : _c20 cm. |
||
| 650 | _aScience | ||
| 942 |
_2ddc _cBK |
||